Women in family business
Guardat en:
| Autors principals: | , |
|---|---|
| Format: | Llibre |
| Idioma: | anglès |
| Publicat: |
París
Unesco
1994
|
| Col·lecció: | Empowered Women Series
|
| Matèries: | |
| Etiquetes: |
Afegir etiqueta
Sense etiquetes, Sigues el primer a etiquetar aquest registre!
|
MARC
| LEADER | 00000nam a2200000 a 4500 | ||
|---|---|---|---|
| 001 | UCP6808 | ||
| 003 | CL-VaPUC | ||
| 008 | 991119e19940000FR |||||||||||||||||eng|d | ||
| 082 | 0 | 4 | |a 379.24 |b HUI |2 21 |
| 100 | 0 | |a Huizhu, Xu |e author |9 436101 | |
| 700 | 0 | |a Jleyun, Duan |e author |9 436102 | |
| 245 | 1 | 0 | |a Women in family business |
| 300 | |a 16 p | ||
| 942 | |c BK | ||
| 945 | |d 19991119 00:00:00 |a rbrito | ||
| 260 | |a París |b Unesco |c 1994 | ||
| 650 | 0 | |a Analfabetismo |9 324360 | |
| 650 | 7 | |a EDUCACION DE LA MUJER |2 CL-VaPUC |9 307884 | |
| 650 | 0 | |a Mujeres en el trabajo |9 436103 | |
| 651 | 0 | |a China |9 257545 | |
| 583 | |a last modification |c 19991119 00:00:00 |k Rodrigo Vera | ||
| 490 | 0 | |a Empowered Women Series | |
| 999 | |c 284241 |d 284239 | ||
| 952 | |0 0 |1 0 |4 0 |6 379_240000000000000_HUI_1994 |7 0 |8 P |9 328090 |a BIBEDU |b BIBEDU |c BIBEDU_PB |d 2019-11-20 |i 3575209 |o 379.24 HUI 1994 |p 3575209 |r 2024-01-25 |w 2019-11-20 |y BK |k BME | ||